00917nam a2200253 a 4500001000900000005001700009008004100026041000800067044000700075050002600082100002300108245014600131260004100277300002300318500001100341650004300352650004100395700003000436700003600466902000800502942001100510999001700521952012500538BRL_157120190320211252.0140314s19uu----it-o######---#000-0#ger-# ager ait 4aNA1121.R38b.R38 19501 aRandi, Aldo92731510aRavennas baudenkmälercAldo Randi ; übersetzung von Bernardo Bernardi ; überarbeitung des deutschen textes von Irmgard Schnellbächer. aRavennabLibreria Tarantolac[1950?] a50 p.bil.c17 cm. aAu183514aArquitecturazRávena (Italia)92731614aMonumentoszRávena (Italia)9273171 aBernardi, Bernardo9273181 aSchnellbächer, Irmgard927319 aGRL 2lcccB c10380d10380 00104070aBRLbBRLd2014-03-14iAu1835l0oNA1121.R38 .R38 1950 (Au1835)pGRL01731r2019-03-22 00:00:00w2019-03-22yB